[Event "New York 1000 GM Spring IM-C"]
[Site "New York"]
[Date "2024.03.31"]
[Round "8"]
[White "Savanovic, Aleksandar"]
[Black "Andrews, Todd D"]
[Result "1-0"]
[WhiteElo "2361"]
[BlackElo "2160"]
[PlyCount "97"]
[EventDate "2024.03.27"]
[EventType "tourn"]
[EventRounds "9"]
[EventCountry "USA"]
[EventCategory "1"]
[SourceTitle "CB14_2024"]
[SourceDate "2024.04.01"]
[SourceVersion "1"]
[SourceVersionDate "2024.04.01"]
[SourceQuality "1"]

1. e4 e6 2. d4 d5 3. Nc3 Bb4 4. e5 c5 5. a3 Bxc3+ 6. bxc3 Ne7 7. a4 Qc7 8. Nf3 h6 9. Bb5+ Bd7 10. Bd3 Nbc6 11. 0-0 b6 12. Re1 0-0 13. Bf4 f5 14. exf6 Qxf4 15. fxe7 Nxe7 16. Bb5 Bc8 17. a5 bxa5 18. Rxa5 Qc7 19. Ra1 Ng6 20. Bd3 Nf4 21. Bf1 cxd4 22. cxd4 a5 23. g3 Ng6 24. Bd3 Ne7 25. Re3 Nf5 26. Bxf5 exf5 27. Ne5 f4 28. Rf3 Bf5 29. Rxf4 Qxc2 30. Qxc2 Bxc2 31. Rxf8+ Kxf8 32. Nd7+ Ke7 33. Nb6 Ra6 34. Nxd5+ Kd6 35. Nb4 axb4 36. Rxa6+ Kd5 37. Rb6 b3 38. Kf1 Kxd4 39. Ke2 Kc3 40. Rc6+ Kb2 41. Kd2 Be4 42. Re6 Bc2 43. g4 Bb1 44. f4 Ba2 45. Rb6 Bb1 46. f5 Be4 47. f6 gxf6 48. Rxf6 Bd5 49. Rxh6 1-0

[Event "New York 1000 GM Spring IM-C"]
[Site "New York"]
[Date "2024.03.30"]
[Round "7"]
[White "Yudasin, Leonid"]
[Black "Savanovic, Aleksandar"]
[Result "1/2-1/2"]
[WhiteElo "2337"]
[BlackElo "2361"]
[PlyCount "34"]
[EventDate "2024.03.27"]
[EventType "tourn"]
[EventRounds "9"]
[EventCountry "USA"]
[EventCategory "1"]
[SourceTitle "CB14_2024"]
[SourceDate "2024.04.01"]
[SourceVersion "1"]
[SourceVersionDate "2024.04.01"]
[SourceQuality "1"]

1. e4 e5 2. Nf3 Nc6 3. Bb5 a6 4. Ba4 Nf6 5. 0-0 Be7 6. Re1 b5 7. Bb3 d6 8. c3 0-0 9. h3 Na5 10. Bc2 c5 11. d4 Qc7 12. Nbd2 cxd4 13. cxd4 Bd7 14. Nf1 Rac8 15. Ne3 Nc6 16. d5 Nb4 17. Bb1 a5 1/2-1/2

[Event "New York 1000 GM Spring IM-C"]
[Site "New York"]
[Date "2024.03.27"]
[Round "1"]
[White "Savanovic, Aleksandar"]
[Black "Atwell, Rose"]
[Result "1/2-1/2"]
[WhiteElo "2361"]
[BlackElo "2285"]
[PlyCount "31"]
[EventDate "2024.03.27"]
[EventType "tourn"]
[EventRounds "9"]
[EventCountry "USA"]
[EventCategory "1"]
[SourceTitle "CB14_2024"]
[SourceDate "2024.04.01"]
[SourceVersion "1"]
[SourceVersionDate "2024.04.01"]
[SourceQuality "1"]

1. e4 e5 2. Nf3 Nf6 3. Nxe5 d6 4. Nf3 Nxe4 5. d4 d5 6. Bd3 Bd6 7. 0-0 0-0 8. c4 c6 9. Nc3 Nxc3 10. bxc3 dxc4 11. Bxc4 Bf5 12. Bg5 Qa5 13. Nh4 Be6 14. Bxe6 Qxg5 15. Nf3 Qa5 16. Bb3 1/2-1/2

[Event "Palmanova op 12th"]
[Site "Palmanova"]
[Date "2023.12.09"]
[Round "2"]
[White "Savanovic, Aleksandar"]
[Black "Sorbera, Giovanni"]
[Result "1-0"]
[WhiteElo "2381"]
[BlackElo "2165"]
[PlyCount "59"]
[EventDate "2023.12.08"]
[EventType "swiss"]
[EventRounds "5"]
[EventCountry "ITA"]
[SourceTitle "CB50_2023"]
[SourceDate "2023.12.13"]
[SourceVersion "1"]
[SourceVersionDate "2023.12.13"]
[SourceQuality "1"]

1. e4 e5 2. Nf3 f5 3. Nxe5 Qf6 4. d4 d6 5. Nc4 fxe4 6. Be2 d5 7. Ne3 c6 8. c4 Bb4+ 9. Bd2 Bxd2+ 10. Qxd2 Ne7 11. Nc3 0-0 12. 0-0 Be6 13. f3 exf3 14. Bxf3 Qh6 15. cxd5 cxd5 16. Bxd5 Nxd5 17. Nexd5 Bxd5 18. Qxh6 gxh6 19. Nxd5 Rxf1+ 20. Rxf1 Nc6 21. Nf6+ Kf7 22. d5 Nd4 23. Ne4+ Ke7 24. Rf6 Rc8 25. d6+ Kd7 26. Rf7+ Kc6 27. Rxh7 a5 28. Rxh6 Rf8 29. h3 b5 30. d7+ 1-0

[Event "Palmanova op 12th"]
[Site "Palmanova"]
[Date "2023.12.09"]
[Round "3"]
[White "Simonetto, Andrea"]
[Black "Savanovic, Aleksandar"]
[Result "1/2-1/2"]
[WhiteElo "2278"]
[BlackElo "2381"]
[PlyCount "189"]
[EventDate "2023.12.08"]
[EventType "swiss"]
[EventRounds "5"]
[EventCountry "ITA"]
[SourceTitle "CB50_2023"]
[SourceDate "2023.12.13"]
[SourceVersion "1"]
[SourceVersionDate "2023.12.13"]
[SourceQuality "1"]

1. e4 e5 2. Nf3 Nc6 3. Bc4 Nf6 4. d3 Bc5 5. c3 d6 6. 0-0 0-0 7. Re1 a6 8. a4 Ba7 9. Nbd2 Ng4 10. Re2 Kh8 11. h3 Nh6 12. Nf1 f5 13. N1h2 f4 14. d4 Qf6 15. Bd5 g5 16. b4 g4 17. hxg4 Nxg4 18. Bb2 Nxh2 19. Nxh2 Ne7 20. c4 Bxd4 21. Bxd4 exd4 22. c5 d3 23. Rd2 Nxd5 24. exd5 Bf5 25. Rc1 Rg8 26. Rc4 Bh3 27. f3 Qg5 28. Ng4 Bxg4 29. fxg4 Rae8 30. cxd6 cxd6 31. Rc7 Qxg4 32. Qxg4 Rxg4 33. Rxd3 Re2 34. Rh3 Rexg2+ 35. Kf1 Rg7 36. Rxb7 Rg1+ 37. Kf2 Rxb7 38. Kxg1 Rxb4 39. Rh6 Rxa4 40. Rxd6 Kg7 41. Kg2 Ra3 42. Kf2 a5 43. Ra6 h5 44. d6 Kf7 45. d7 Ke7 46. Rf6 f3 47. Rd6 Kd8 48. Rh6 Kxd7 49. Rxh5 a4 50. Ra5 Kc6 51. Ra8 Kd5 52. Rd8+ Kc4 53. Rc8+ Kd3 54. Ra8 Kc2 55. Ra7 Kb2 56. Ra8 Ra1 57. Kxf3 a3 58. Rb8+ Ka2 59. Ke2 Rb1 60. Rc8 Rb7 61. Kd2 Kb2 62. Rc2+ Kb3 63. Rc3+ Ka4 64. Kc2 a2 65. Rc8 a1N+ 66. Kc3 Nb3 67. Ra8+ Na5 68. Ra6 Rc7+ 69. Kd4 Kb5 70. Ra8 Nc6+ 71. Kd3 Rd7+ 72. Kc3 Kc5 73. Rh8 Rd5 74. Rc8 Rh5 75. Kd3 Kd5 76. Ke3 Re5+ 77. Kd3 Kc5 78. Rc7 Re8 79. Kd2 Ra8 80. Ke3 Kd5 81. Rd7+ Ke5 82. Kd3 Nd4 83. Rh7 Nf5 84. Rh5 Rd8+ 85. Kc4 Ke4 86. Kc5 Rc8+ 87. Kb6 Rc1 88. Rh2 Kd5 89. Rh5 Rb1+ 90. Kc7 Ke6 91. Rh2 Rc1+ 92. Kb6 Kd5 93. Rh5 Rc6+ 94. Kb5 Rf6 95. Kb4 1/2-1/2

[Event "BIH-chT 21st"]
[Site "Sarajevo"]
[Date "2023.10.31"]
[Round "1.5"]
[White "Jevtic, Sreten"]
[Black "Savanovic, Aleksandar"]
[Result "1/2-1/2"]
[WhiteElo "2201"]
[BlackElo "2371"]
[PlyCount "70"]
[EventDate "2023.10.31"]
[EventType "team-tourn"]
[EventRounds "9"]
[EventCountry "BIH"]
[SourceTitle "Mega2024 Update 01"]
[Source "Chessbase"]
[SourceDate "2023.11.12"]
[SourceVersion "1"]
[SourceVersionDate "2023.11.12"]
[SourceQuality "1"]
[WhiteTeam "Zenica Napredak"]
[BlackTeam "Sarajevo Bosna"]
[WhiteTeamCountry "BIH"]
[BlackTeamCountry "BIH"]

1. Nf3 Nf6 2. c4 e6 3. Nc3 d5 4. d4 Be7 5. Bg5 h6 6. Bh4 0-0 7. e3 b6 8. cxd5 Nxd5 9. Bxe7 Qxe7 10. Be2 Bb7 11. 0-0 Nxc3 12. bxc3 c5 13. Ne5 Nc6 14. Nxc6 Bxc6 15. Bf3 Bxf3 16. Qxf3 cxd4 17. cxd4 Qa3 18. Qd1 Rac8 19. Qb3 Rc3 20. Qxa3 Rxa3 21. Rfc1 Rd8 22. Rc2 Rd5 23. Rb1 e5 24. dxe5 Rxe5 25. g3 g6 26. Rd1 Re7 27. h4 h5 28. Kg2 Kg7 29. Rd4 b5 30. Rb4 a6 31. Kf3 Rb7 32. Rcb2 Rc7 33. Rd2 Rc5 34. Rf4 Rc6 35. Kg2 a5 1/2-1/2

[Event "Venice Autumn 27th"]
[Site "Venice ITA"]
[Date "2023.10.15"]
[Round "5"]
[White "Savanovic, Aleksandar"]
[Black "Bianchi, Andrea"]
[Result "0-1"]
[WhiteElo "2363"]
[BlackElo "2040"]
[PlyCount "78"]
[EventDate "2023.10.13"]
[EventType "tourn"]
[EventRounds "5"]
[EventCountry "ITA"]
[SourceTitle "Mega2024 Update 01"]
[Source "Chessbase"]
[SourceDate "2023.11.12"]
[SourceVersion "1"]
[SourceVersionDate "2023.11.12"]
[SourceQuality "1"]

1. e4 d6 2. d4 Nf6 3. Nc3 e5 4. Nf3 Nbd7 5. Bc4 Be7 6. 0-0 0-0 7. Re1 c6 8. a4 b6 9. d5 cxd5 10. Nxd5 Nxd5 11. Qxd5 Rb8 12. Be3 Bb7 13. Qd3 h6 14. Rad1 Nf6 15. Bc1 Qc7 16. Nh4 Rfd8 17. Nf5 Bf8 18. Bd5 Nxd5 19. exd5 Bc8 20. b3 Bxf5 21. Qxf5 g6 22. Qd3 Bg7 23. c4 f5 24. f3 Re8 25. Re2 Re7 26. Rde1 Rbe8 27. Qc2 Kh7 28. h3 Bf6 29. Kh2 Bh4 30. g3 Bf6 31. Kg2 Bg7 32. Be3 Qd7 33. Bf2 h5 34. Qd3 Bh6 35. Qc3 Bg7 36. Qd3 Bh6 37. Qc3 Bg7 38. Qc2 Bh6 39. Qa2 h4 0-1

[Event "Venice Autumn 27th"]
[Site "Venice ITA"]
[Date "2023.10.15"]
[Round "4"]
[White "Toniolo, Samuel"]
[Black "Savanovic, Aleksandar"]
[Result "0-1"]
[WhiteElo "2018"]
[BlackElo "2363"]
[PlyCount "90"]
[EventDate "2023.10.13"]
[EventType "tourn"]
[EventRounds "5"]
[EventCountry "ITA"]
[SourceTitle "Mega2024 Update 01"]
[Source "Chessbase"]
[SourceDate "2023.11.12"]
[SourceVersion "1"]
[SourceVersionDate "2023.11.12"]
[SourceQuality "1"]

1. e4 e5 2. Nf3 Nc6 3. Nc3 Nf6 4. Bb5 Bb4 5. 0-0 0-0 6. d3 d6 7. Bg5 Bxc3 8. bxc3 Qe7 9. Re1 Nd8 10. d4 Bg4 11. h3 Bh5 12. g4 Bg6 13. Nh4 h6 14. Nf5 Bxf5 15. Bxf6 Qxf6 16. gxf5 Nc6 17. Bxc6 bxc6 18. Rb1 Rab8 19. Rb3 Rb6 20. Qd3 Re8 21. Kh2 d5 22. f3 Rd8 23. Rd1 Qh4 24. Qe3 Re8 25. exd5 cxd5 26. dxe5 Rxe5 27. Qxe5 Qf2+ 28. Kh1 Qxf3+ 29. Kh2 Qf2+ 30. Kh1 Qf3+ 31. Kh2 Qxd1 32. Qe8+ Kh7 33. Rxb6 Qxc2+ 34. Kg1 axb6 35. Qxf7 Qc1+ 36. Kf2 Qf4+ 37. Ke2 Qe5+ 38. Kd2 Qd6 39. h4 c6 40. h5 Qf6 41. Qd7 Qg5+ 42. Kc2 Qxh5 43. Qxc6 Qxf5+ 44. Kc1 Qf1+ 45. Kc2 Qc4 0-1

[Event "Venice Autumn 27th"]
[Site "Venice ITA"]
[Date "2023.10.14"]
[Round "2"]
[White "Ceres, Dragos"]
[Black "Savanovic, Aleksandar"]
[Result "1/2-1/2"]
[WhiteElo "2446"]
[BlackElo "2363"]
[PlyCount "96"]
[EventDate "2023.10.13"]
[EventType "tourn"]
[EventRounds "5"]
[EventCountry "ITA"]
[SourceTitle "Mega2024 Update 01"]
[Source "Chessbase"]
[SourceDate "2023.11.12"]
[SourceVersion "1"]
[SourceVersionDate "2023.11.12"]
[SourceQuality "1"]

1. e4 e5 2. Nf3 Nc6 3. Bc4 Nf6 4. d3 Bc5 5. c3 d6 6. 0-0 0-0 7. h3 a6 8. a4 h6 9. Re1 Ba7 10. Nbd2 Be6 11. Bxe6 fxe6 12. b4 Nh5 13. Nf1 Qf6 14. Ra2 Nf4 15. Bxf4 Qxf4 16. Kh1 a5 17. b5 Nb8 18. d4 Nd7 19. N1h2 Kh8 20. Ng4 exd4 21. cxd4 Qf7 22. Rc2 Bb6 23. Rc3 Rad8 24. Qc2 Nf6 25. Ne3 Qe8 26. Nc4 d5 27. Nxb6 dxe4 28. Nc4 exf3 29. Rxf3 Rxd4 30. Ne5 Kg8 31. Qxc7 Rxa4 32. Qxb7 Nd5 33. Rc1 Kh7 34. Rg3 Qe7 35. Qxe7 Nxe7 36. Rc7 Nf5 37. Rd3 Rb4 38. Rb7 a4 39. b6 Rb3 40. Rdd7 a3 41. Ra7 a2 42. Rxa2 Rxb6 43. Raa7 Rg8 44. Kh2 Rb2 45. Nd3 Rc2 46. g4 Nh4 47. Kg3 Ng6 48. h4 Rc3 1/2-1/2

[Event "Venice Autumn 27th"]
[Site "Venice ITA"]
[Date "2023.10.14"]
[Round "3"]
[White "Savanovic, Aleksandar"]
[Black "Vincenti, Leonardo"]
[Result "1-0"]
[WhiteElo "2363"]
[BlackElo "2196"]
[PlyCount "49"]
[EventDate "2023.10.13"]
[EventType "tourn"]
[EventRounds "5"]
[EventCountry "ITA"]
[SourceTitle "Mega2024 Update 01"]
[Source "Chessbase"]
[SourceDate "2023.11.12"]
[SourceVersion "1"]
[SourceVersionDate "2023.11.12"]
[SourceQuality "1"]

1. e4 c5 2. Nf3 d6 3. d4 cxd4 4. Nxd4 Nf6 5. Nc3 a6 6. Be2 e5 7. Nb3 Be7 8. 0-0 0-0 9. Be3 Be6 10. Qd2 Nbd7 11. a4 Rc8 12. a5 Qc7 13. Rfc1 Qc6 14. Bf3 Rfd8 15. Nd5 Bxd5 16. exd5 Qc4 17. Qd3 Qh4 18. Qd1 e4 19. Be2 Ne5 20. h3 Nfd7 21. Ra4 Nc5 22. Nxc5 dxc5 23. f4 Qg3 24. Rxe4 Nc6 25. Bg4 1-0

[Event "Garesnica op"]
[Site "Garesnica"]
[Date "2023.06.10"]
[Round "5"]
[White "Zadravec, Matija"]
[Black "Savanovic, Aleksandar"]
[Result "1/2-1/2"]
[WhiteElo "2258"]
[BlackElo "2355"]
[PlyCount "48"]
[EventDate "2023.06.08"]
[EventType "swiss"]
[EventRounds "7"]
[EventCountry "CRO"]
[SourceTitle "CBM 214 Extra"]
[Source "ChessBase"]
[SourceDate "2023.07.31"]
[SourceVersion "1"]
[SourceVersionDate "2023.07.31"]
[SourceQuality "1"]

1. e4 e5 2. Nf3 Nc6 3. d4 exd4 4. Bc4 Nf6 5. 0-0 Nxe4 6. Re1 d5 7. Bxd5 Qxd5 8. Nc3 Qa5 9. Nxe4 Be6 10. Bd2 Bb4 11. Bxb4 Qxb4 12. a3 Qc4 13. b3 Qd5 14. c4 Qh5 15. Nxd4 Qxd1 16. Raxd1 Nxd4 17. Rxd4 Rd8 18. Rxd8+ Kxd8 19. Ng5 Re8 20. Nxe6+ Rxe6 21. Rxe6 fxe6 22. Kf1 Ke7 23. Ke2 Kf6 24. Ke3 Ke5 1/2-1/2

[Event "Titled Tuesday intern op 20th Dec Late"]
[Site "Chess.com INT"]
[Date "2022.12.20"]
[Round "1"]
[White "Savanovic, Aleksandar"]
[Black "Tari, Aryan"]
[Result "0-1"]
[WhiteElo "2365"]
[BlackElo "2659"]
[PlyCount "132"]
[EventDate "2022.12.20"]
[EventType "swiss (blitz)"]
[EventRounds "11"]
[EventCountry "USA"]
[SourceTitle "EXT 2024"]
[Source "ChessBase"]
[SourceDate "2023.10.10"]
[SourceVersion "1"]
[SourceVersionDate "2023.10.10"]
[SourceQuality "1"]

1. d4 Nf6 2. Bf4 g6 3. e3 Bg7 4. Nf3 0-0 5. Be2 d6 6. h3 Nbd7 7. 0-0 Qe8 8. c4 e5 9. Bh2 Ne4 10. Nc3 Nxc3 11. bxc3 Qe7 12. Rb1 e4 13. Nd2 c5 14. Qc2 Nf6 15. Rfd1 b6 16. Nb3 Re8 17. a4 h5 18. a5 Bf5 19. axb6 axb6 20. Nd2 Ra6 21. Rb2 Rea8 22. Bf1 h4 23. Rdb1 Nd7 24. g4 hxg3 25. Bxg3 Bf6 26. Bg2 Re8 27. Ra2 Rxa2 28. Qxa2 Bh4 29. Nf1 Kg7 30. Qa4 Rh8 31. Qc6 Bxg3 32. Nxg3 Bxh3 33. Qxe4 Qg5 34. Bxh3 Rxh3 35. Kg2 Nf6 36. Qf4 Qxf4 37. exf4 Rh4 38. Kf3 Nd7 39. Ne4 f5 40. Nxd6 Rh3+ 41. Ke2 Rxc3 42. d5 Kf6 43. Nc8 Rxc4 44. Nxb6 Nxb6 45. Rxb6+ Kf7 46. Kf3 Rd4 47. d6 Ke6 48. d7+ Kxd7 49. Rxg6 Rd5 50. Ke3 c4 51. Rf6 c3 52. Rf7+ Kc6 53. Rf8 Kb5 54. Rc8 Kb4 55. f3 Kb3 56. Rb8+ Kc2 57. Rc8 Kb2 58. Rb8+ Kc1 59. Ke2 c2 60. Rb7 Rd2+ 61. Ke1 Rd4 62. Ke2 Rxf4 63. Rb3 Rd4 64. Ke3 Kd1 65. Rc3 Rd5 66. Kf4 c1Q+ 0-1

[Event "Palmanova op 11th"]
[Site "Palmanova"]
[Date "2022.12.10"]
[Round "4"]
[White "Savanovic, Aleksandar"]
[Black "Laco, Giuseppe"]
[Result "1-0"]
[WhiteElo "2365"]
[BlackElo "1913"]
[PlyCount "49"]
[EventDate "2022.12.08"]
[EventType "swiss"]
[EventRounds "6"]
[EventCountry "ITA"]
[SourceTitle "CBM 211 Extra"]
[Source "ChessBase"]
[SourceDate "2023.01.31"]
[SourceVersion "1"]
[SourceVersionDate "2023.01.31"]
[SourceQuality "1"]

1. e4 c5 2. Nc3 e6 3. g3 Nc6 4. Bg2 a6 5. Nge2 Nd4 6. Nxd4 cxd4 7. Ne2 e5 8. d3 Ne7 9. c3 Nc6 10. cxd4 Bb4+ 11. Bd2 Qa5 12. d5 Nd4 13. Nxd4 exd4 14. a3 Bxd2+ 15. Qxd2 Qb6 16. Qb4 Qxb4+ 17. axb4 d6 18. Kd2 Bd7 19. Rhc1 Bb5 20. Rc7 Rb8 21. Rac1 0-0 22. Bh3 Rfd8 23. Re7 Be8 24. Rcc7 b5 25. Be6 1-0

[Event "Chioggia op-A 15th"]
[Site "Chioggia"]
[Date "2022.09.30"]
[Round "1"]
[White "Marson, Roy"]
[Black "Savanovic, Aleksandar"]
[Result "0-1"]
[WhiteElo "2073"]
[BlackElo "2381"]
[PlyCount "110"]
[EventDate "2022.09.30"]
[EventType "swiss"]
[EventRounds "5"]
[EventCountry "ITA"]
[SourceTitle "EXT 2024"]
[Source "ChessBase"]
[SourceDate "2023.10.10"]
[SourceVersion "1"]
[SourceVersionDate "2023.10.10"]
[SourceQuality "1"]

1. e4 Nf6 2. e5 Nd5 3. d4 d6 4. c4 Nb6 5. exd6 cxd6 6. Nc3 g6 7. Nf3 Bg7 8. Be3 0-0 9. Be2 Bg4 10. h3 Bxf3 11. Bxf3 Nc6 12. b3 e6 13. Qd2 d5 14. c5 Nc8 15. 0-0 N8e7 16. Rad1 Nf5 17. Ne2 b6 18. g4 Nxe3 19. fxe3 Qh4 20. Bg2 h5 21. gxh5 Qxh5 22. Nf4 Qg5 23. Qf2 bxc5 24. dxc5 Rad8 25. h4 Qh6 26. Qg3 Ne7 27. Bh3 Be5 28. Qg5 Qxg5+ 29. hxg5 Rb8 30. Rc1 Nc6 31. Kg2 Bc7 32. Rfd1 Rb4 33. Nxe6 fxe6 34. Bxe6+ Kg7 35. Rxd5 Ne5 36. Rc3 Re8 37. a3 Re4 38. Bd7 Re7 39. c6 Nf7 40. b4 Rxe3 41. Rxe3 Rxe3 42. a4 Re5 43. Rxe5 Nxe5 44. Be8 Kf8 45. Bxg6 Nxg6 46. Kf2 Ke7 47. Ke3 Kd6 48. b5 Kd5 49. Kd3 Bb6 50. Kc3 Kc5 51. Kb3 Ba5 52. Ka3 Kc4 53. b6 Bxb6 54. a5 Bxa5 55. Ka4 Bb6 0-1

[Event "BIH-chT 20th"]
[Site "Neum"]
[Date "2022.09.17"]
[Round "8.2"]
[White "Savanovic, Aleksandar"]
[Black "Konjicanin, Muris"]
[Result "1/2-1/2"]
[WhiteElo "2381"]
[BlackElo "2167"]
[PlyCount "37"]
[EventDate "2022.09.10"]
[EventType "team-tourn"]
[EventRounds "9"]
[EventCountry "BIH"]
[SourceTitle "CBM 210 Extra"]
[Source "ChessBase"]
[SourceDate "2022.11.30"]
[SourceVersion "1"]
[SourceVersionDate "2022.11.30"]
[SourceQuality "1"]
[WhiteTeam "Sarajevo Bosna"]
[BlackTeam "Pazaric Bjelasnica"]
[WhiteTeamCountry "BIH"]
[BlackTeamCountry "BIH"]

1. Nf3 Nf6 2. c4 e6 3. g3 b6 4. Bg2 Bb7 5. 0-0 Be7 6. Nc3 0-0 7. b3 d5 8. cxd5 Nxd5 9. Bb2 c5 10. Nxd5 Bxd5 11. d4 Bf6 12. Qd3 cxd4 13. Bxd4 Nc6 14. Bxf6 Qxf6 15. e4 Nb4 16. Qd4 Qxd4 17. Nxd4 Bb7 18. a3 Nd3 19. Rad1 1/2-1/2

[Event "BIH-chT 20th"]
[Site "Neum"]
[Date "2022.09.16"]
[Round "7.2"]
[White "Mesic, Ismet"]
[Black "Savanovic, Aleksandar"]
[Result "1/2-1/2"]
[WhiteElo "2280"]
[BlackElo "2381"]
[PlyCount "50"]
[EventDate "2022.09.10"]
[EventType "team-tourn"]
[EventRounds "9"]
[EventCountry "BIH"]
[SourceTitle "CBM 210 Extra"]
[Source "ChessBase"]
[SourceDate "2022.11.30"]
[SourceVersion "1"]
[SourceVersionDate "2022.11.30"]
[SourceQuality "1"]
[WhiteTeam "Bihac"]
[BlackTeam "Sarajevo Bosna"]
[WhiteTeamCountry "BIH"]
[BlackTeamCountry "BIH"]

1. d4 Nf6 2. c4 e6 3. Nc3 Bb4 4. e3 c5 5. Nf3 Nc6 6. Bd2 cxd4 7. exd4 d5 8. a3 Bxc3 9. bxc3 0-0 10. Bd3 dxc4 11. Bxc4 h6 12. 0-0 b6 13. Qe2 Bb7 14. Rad1 Qc7 15. Ba2 Rfd8 16. h3 Rac8 17. Rc1 Qd6 18. a4 Re8 19. Rfd1 e5 20. Be3 exd4 21. cxd4 Nb4 22. Ne5 Nxa2 23. Qxa2 Bd5 24. Qe2 Bb3 25. Qa6 Ra8 1/2-1/2

[Event "BIH-chT 20th"]
[Site "Neum"]
[Date "2022.09.15"]
[Round "6.3"]
[White "Savanovic, Aleksandar"]
[Black "Burovic, Ismet"]
[Result "0-1"]
[WhiteElo "2381"]
[BlackElo "2331"]
[PlyCount "69"]
[EventDate "2022.09.10"]
[EventType "team-tourn"]
[EventRounds "9"]
[EventCountry "BIH"]
[SourceTitle "CBM 210 Extra"]
[Source "ChessBase"]
[SourceDate "2022.11.30"]
[SourceVersion "1"]
[SourceVersionDate "2022.11.30"]
[SourceQuality "1"]
[WhiteTeam "Sarajevo Bosna"]
[BlackTeam "Sarajevo Napredak"]
[WhiteTeamCountry "BIH"]
[BlackTeamCountry "BIH"]

1. e4 d5 2. exd5 Qxd5 3. Nc3 Qd6 4. d4 Nf6 5. Nf3 a6 6. Bd3 Bg4 7. h3 Bh5 8. 0-0 e6 9. Ne4 Nxe4 10. Bxe4 c6 11. c3 Nd7 12. Qb3 Qc7 13. Re1 Be7 14. Ne5 Nxe5 15. Bf4 Bd6 16. dxe5 Bc5 17. Bg5 0-0 18. g4 Bg6 19. Rad1 Qxe5 20. Be3 Bxe3 21. Rxe3 Bxe4 22. Rde1 f5 23. gxf5 Qxf5 24. Rxe4 Qxf2+ 25. Kh1 Kh8 26. R4e2 Qf3+ 27. Kh2 Qf4+ 28. Kh1 Qf3+ 29. Kh2 Rae8 30. Qxb7 Qf4+ 31. Kg2 Qg5+ 32. Kh2 Rf3 33. Rg2 Qh6 34. Rg3 Rxg3 35. Kxg3 0-1

[Event "BIH-chT 20th"]
[Site "Neum"]
[Date "2022.09.13"]
[Round "4.4"]
[White "Savanovic, Aleksandar"]
[Black "Vukic, Milan"]
[Result "1-0"]
[WhiteElo "2381"]
[BlackElo "2392"]
[PlyCount "143"]
[EventDate "2022.09.10"]
[EventType "team-tourn"]
[EventRounds "9"]
[EventCountry "BIH"]
[SourceTitle "CBM 210 Extra"]
[Source "ChessBase"]
[SourceDate "2022.11.30"]
[SourceVersion "1"]
[SourceVersionDate "2022.11.30"]
[SourceQuality "1"]
[WhiteTeam "Sarajevo Bosna"]
[BlackTeam "Sarajevo SK"]
[WhiteTeamCountry "BIH"]
[BlackTeamCountry "BIH"]

1. e4 c5 2. Nf3 e6 3. d4 cxd4 4. Nxd4 Nf6 5. Nc3 Nc6 6. Ndb5 d6 7. Bf4 e5 8. Bg5 a6 9. Na3 b5 10. Nd5 Be7 11. Bxf6 Bxf6 12. c3 Ne7 13. Nc2 Nxd5 14. Qxd5 Rb8 15. Nb4 0-0 16. Qd3 Bb7 17. Be2 a5 18. Nd5 Bxd5 19. Qxd5 b4 20. 0-0 bxc3 21. bxc3 Rc8 22. c4 Rc5 23. Qd3 Qc7 24. Rab1 Rb8 25. g3 g6 26. Rxb8+ Qxb8 27. Rb1 Qc7 28. Qb3 Kg7 29. Qb8 Qxb8 30. Rxb8 Be7 31. Kg2 f5 32. Kf3 Kf6 33. Ke3 h6 34. Kd3 f4 35. Ra8 h5 36. Bd1 fxg3 37. fxg3 Kf7 38. Ba4 h4 39. Be8+ Kg7 40. Ra7 hxg3 41. hxg3 Kf6 42. Bxg6 Bd8 43. Bf5 Bc7 44. Ra8 Bb6 45. Rb8 Bc7 46. Rf8+ Kg7 47. Re8 Bb6 48. Re6 Rc6 49. g4 Bc5 50. Rg6+ Kf8 51. Rh6 Rb6 52. g5 Rb1 53. Rh8+ Ke7 54. Rh7+ Kf8 55. g6 Rg1 56. Rf7+ Kg8 57. Rh7 Rg3+ 58. Kc2 Kf8 59. Rf7+ Kg8 60. Rd7 Kf8 61. Kd2 a4 62. Ke2 a3 63. Rf7+ Kg8 64. Rc7 Kf8 65. Rd7 Rg2+ 66. Kf3 Rg5 67. Rf7+ Kg8 68. Rh7 Kf8 69. Rd7 Rg1 70. Bg4 Rf1+ 71. Kg3 Bf2+ 72. Kh2 1-0

[Event "Novi Sad Serbia op-A"]
[Site "Novi Sad"]
[Date "2022.07.01"]
[Round "4"]
[White "Savanovic, Aleksandar"]
[Black "Mushini, Ajay"]
[Result "1-0"]
[WhiteElo "2386"]
[BlackElo "2142"]
[PlyCount "75"]
[EventDate "2022.06.28"]
[EventType "swiss"]
[EventRounds "9"]
[EventCountry "SRB"]
[SourceTitle "EXT 2023"]
[Source "ChessBase"]
[SourceDate "2022.10.05"]
[SourceVersion "1"]
[SourceVersionDate "2022.10.05"]
[SourceQuality "1"]

1. e4 c5 2. Nf3 d6 3. d4 cxd4 4. Nxd4 a6 5. c4 Nf6 6. Nc3 e6 7. Be2 Be7 8. 0-0 0-0 9. Be3 b6 10. f4 Bb7 11. Bf3 Qc7 12. Rc1 Nbd7 13. f5 e5 14. Nd5 Qd8 15. Nb3 Nxd5 16. cxd5 a5 17. Qd2 a4 18. Na1 Nc5 19. Nc2 Ba6 20. Rfd1 Nd3 21. Rb1 Rc8 22. Be2 Nc5 23. Bxa6 Nxa6 24. Nb4 Nxb4 25. Qxb4 Qd7 26. Rdc1 b5 27. Rc3 g6 28. g4 gxf5 29. gxf5 Kh8 30. Rbc1 Rg8+ 31. Kf2 Rxc3 32. Qxc3 Bf8 33. Kf3 Qe7 34. Qe1 Qf6 35. Rc8 Qe7 36. Qf2 Qd7 37. Rc6 b4 38. Qf1 1-0

[Event "Novi Sad Serbia op-A"]
[Site "Novi Sad"]
[Date "2022.06.29"]
[Round "2"]
[White "Savanovic, Aleksandar"]
[Black "Ince, Taylan Ruzgar"]
[Result "1-0"]
[WhiteElo "2386"]
[BlackElo "2120"]
[PlyCount "87"]
[EventDate "2022.06.28"]
[EventType "swiss"]
[EventRounds "9"]
[EventCountry "SRB"]
[SourceTitle "EXT 2023"]
[Source "ChessBase"]
[SourceDate "2022.10.05"]
[SourceVersion "1"]
[SourceVersionDate "2022.10.05"]
[SourceQuality "1"]

1. e4 e6 2. d4 d5 3. Nc3 Bb4 4. e5 c5 5. a3 Bxc3+ 6. bxc3 Ne7 7. a4 Qc7 8. Nf3 b6 9. Bb5+ Bd7 10. Bd3 Nbc6 11. 0-0 c4 12. Be2 0-0 13. Ba3 f6 14. exf6 Rxf6 15. Ne5 Nxe5 16. dxe5 Rf7 17. f4 Nf5 18. Qd2 Bc6 19. g4 Nh6 20. Bd6 Qd7 21. a5 bxa5 22. Qe3 Qd8 23. h3 a4 24. Kh2 Rc8 25. Kg3 Rb7 26. Bc5 Nf7 27. h4 Rb2 28. Rac1 Qc7 29. Kh3 Bd7 30. Ba3 Ra2 31. Ra1 Rxa1 32. Rxa1 Qb6 33. Qd2 Nh6 34. Rf1 Re8 35. Kg3 Bc8 36. Bf3 Nf7 37. h5 Nd8 38. Bg2 Kh8 39. Qe2 Nf7 40. Rd1 Bb7 41. Qe1 Bc6 42. Rb1 Qc7 43. Qe3 d4 44. cxd4 1-0